<?xml version="1.0" encoding="UTF-8"?>
<record
    xmlns:xsi="http://www.w3.org/2001/XMLSchema-instance"
    xsi:schemaLocation="http://www.loc.gov/MARC21/slim http://www.loc.gov/standards/marcxml/schema/MARC21slim.xsd"
    xmlns="http://www.loc.gov/MARC21/slim">

  <leader>02991nam a2200349 a 4500</leader>
  <controlfield tag="001">000002944</controlfield>
  <controlfield tag="003">DO-SdBNP</controlfield>
  <controlfield tag="005">20230301073310.0</controlfield>
  <controlfield tag="008">090706s2008    dr ad   001 0 spa d</controlfield>
  <datafield tag="020" ind1=" " ind2=" ">
    <subfield code="a">9789945162295</subfield>
  </datafield>
  <datafield tag="040" ind1=" " ind2=" ">
    <subfield code="a">DO-SdBNP</subfield>
    <subfield code="b">spa</subfield>
    <subfield code="c">BPMSU</subfield>
  </datafield>
  <datafield tag="082" ind1=" " ind2="4">
    <subfield code="a">327.729307294</subfield>
    <subfield code="b">R438L 2008</subfield>
    <subfield code="2">22</subfield>
  </datafield>
  <datafield tag="245" ind1="0" ind2="4">
    <subfield code="a">Los retos del desarrollo insular :</subfield>
    <subfield code="b">desarrollo sostenible, migraciones y derechos humanos en las relaciones dom&#xED;nico-haitiana en el siglo XXI /</subfield>
    <subfield code="c">editores Wilfredo Lozano, Bridget Wooding.</subfield>
  </datafield>
  <datafield tag="260" ind1=" " ind2=" ">
    <subfield code="a">Santo Domingo :</subfield>
    <subfield code="b">FLACSO,</subfield>
    <subfield code="c">2008.</subfield>
  </datafield>
  <datafield tag="300" ind1=" " ind2=" ">
    <subfield code="a">388 p. :</subfield>
    <subfield code="b">il., gr&#xE1;fcs. ;</subfield>
    <subfield code="c">23 cm.</subfield>
  </datafield>
  <datafield tag="500" ind1=" " ind2=" ">
    <subfield code="a">Incluye referencias  bibliograficas  y notas al pie de las p&#xE1;ginas </subfield>
  </datafield>
  <datafield tag="504" ind1=" " ind2=" ">
    <subfield code="a">Bibliograf&#xED;a : p.363-383.</subfield>
  </datafield>
  <datafield tag="505" ind1="0" ind2=" ">
    <subfield code="a">Introducci&#xF3;n 9 -- Agradecimientos 17 -- PROCESOS DE INTEGRACI&#xD3;N, COMERCIO Y APERTURA ECON&#xD3;MICA 19 -- El EPA y las posibilidades del desarrollo binacional Dom&#xED;nico-Haitiano en la integraci&#xF3;n caribe&#xF1;a 21 -- Tratado de libre comercio, integraci&#xF3;n regional en el caribe y desarrollo binacional 43 -- Reflexiones sobre el impacto del DR-CAFTA en las relaciones comerciales de Rep&#xFA;blica Dominicana con Hait&#xED; 63 -- DESARROLLO SOSTENIBLE, FRONTERA Y SEGURIDAD 73 -- La cooperaci&#xF3;n internacional y la sostenibilidad ambiental en la frontera desde una perspectiva binacional 75 -- La cuesti&#xF3;n del desarrollo en la frontera dom&#xED;nico-haitiana 89 -- Quisqueya : frontera y relaciones haitiano-dominicanas 111 -- Los problemas de la inseguridad insular frente a la seguridad regional 137 -- MIGRACIONES, POL&#xCD;TICAS MIGRATORIAS Y DERECHOS HUMANOS 173 -- La inmigraci&#xF3;n haitiana contempor&#xE1;nea a la Rep&#xFA;blica Dominicana 175 -- Hacia la construcci&#xF3;n de la voluntad pol&#xED;tica para elaborar pol&#xED;ticas migratorias 227 -- Pol&#xED;ticas migratorias y relaciones dom&#xED;nico-haitianas : de la movilidad insular del trabajo a las presiones de la globalizaci&#xF3;n 237 -- Como cerdos en el lodo : nuevos retos de la sociedad civil frente a la discriminaci&#xF3;n y la apatridia en la Rep&#xFA;blica Dominicana 277 -- Migraci&#xF3;n haitiana y Ley de migraci&#xF3;n en la Rep&#xFA;blica Dominicana : Le Blocage 301 -- LOS RETOS DEL DESARROLLO INSULAR 321 -- Propuesta para una nueva agenda de relaciones dom&#xED;nico-haitianas en el siglo XXI 323 -- Bibliograf&#xED;a general 363 -- Autores 385.</subfield>
  </datafield>
  <datafield tag="590" ind1=" " ind2=" ">
    <subfield code="a">Inventariado, 2022/VM</subfield>
  </datafield>
  <datafield tag="650" ind1=" " ind2="4">
    <subfield code="a">Desarrollo sostenible</subfield>
    <subfield code="z">Rep&#xFA;blica Dominicana</subfield>
  </datafield>
  <datafield tag="650" ind1=" " ind2="4">
    <subfield code="a">Desarrollo sostenible</subfield>
    <subfield code="z">Hait&#xED;</subfield>
  </datafield>
  <datafield tag="651" ind1=" " ind2="4">
    <subfield code="a">Rep&#xFA;blica Dominicana</subfield>
    <subfield code="x">Relaciones exteriores</subfield>
    <subfield code="z">Hait&#xED;</subfield>
  </datafield>
  <datafield tag="651" ind1=" " ind2="4">
    <subfield code="a">Hait&#xED;</subfield>
    <subfield code="x">Relaciones exteriores</subfield>
    <subfield code="z">Rep&#xFA;blica Dominicana</subfield>
  </datafield>
  <datafield tag="651" ind1=" " ind2="4">
    <subfield code="a">Rep&#xFA;blica Dominicana</subfield>
    <subfield code="x">Emigraci&#xF3;n e inmigraci&#xF3;n</subfield>
    <subfield code="x">Aspectos econ&#xF3;micos</subfield>
  </datafield>
  <datafield tag="651" ind1=" " ind2="4">
    <subfield code="a">Rep&#xFA;blica Dominicana</subfield>
    <subfield code="x">Tratados comerciales</subfield>
  </datafield>
  <datafield tag="651" ind1=" " ind2="4">
    <subfield code="a">Rep&#xFA;blica Dominicana</subfield>
    <subfield code="x">Emigraci&#xF3;n inmigraci&#xF3;n</subfield>
    <subfield code="x">Aspectos sociales</subfield>
  </datafield>
  <datafield tag="700" ind1="1" ind2=" ">
    <subfield code="a">Lozano, Wilfredo</subfield>
    <subfield code="d">1950-</subfield>
    <subfield code="e">ed.</subfield>
  </datafield>
  <datafield tag="700" ind1="1" ind2=" ">
    <subfield code="a">Wooding, Bridget,</subfield>
    <subfield code="e">ed.</subfield>
  </datafield>
  <datafield tag="710" ind1="2" ind2=" ">
    <subfield code="a">FLACSO  (Rep&#xFA;blica Dominicana)</subfield>
  </datafield>
  <datafield tag="910" ind1=" " ind2=" ">
    <subfield code="a">VMateo V./Validado </subfield>
  </datafield>
  <datafield tag="942" ind1=" " ind2=" ">
    <subfield code="2">ddc</subfield>
    <subfield code="c">BK</subfield>
  </datafield>
  <datafield tag="952" ind1=" " ind2=" ">
    <subfield code="0">0</subfield>
    <subfield code="1">0</subfield>
    <subfield code="2">ddc</subfield>
    <subfield code="4">0</subfield>
    <subfield code="7">0</subfield>
    <subfield code="8">CD</subfield>
    <subfield code="a">BPMET</subfield>
    <subfield code="b">BPMET</subfield>
    <subfield code="d">2022-10-05</subfield>
    <subfield code="e">FLASCSO</subfield>
    <subfield code="o">BPMSU CD 327.729307294 R438L 2008</subfield>
    <subfield code="p">BPMSU22100009</subfield>
    <subfield code="r">2022-10-05</subfield>
    <subfield code="w">2022-10-05</subfield>
    <subfield code="y">BK</subfield>
  </datafield>
  <datafield tag="952" ind1=" " ind2=" ">
    <subfield code="0">0</subfield>
    <subfield code="1">0</subfield>
    <subfield code="2">ddc</subfield>
    <subfield code="4">0</subfield>
    <subfield code="7">0</subfield>
    <subfield code="8">CD</subfield>
    <subfield code="a">BPMET</subfield>
    <subfield code="b">BPMET</subfield>
    <subfield code="d">2022-10-05</subfield>
    <subfield code="e">FLASCSO</subfield>
    <subfield code="o">BPMSU CD 327.729307294 R438L 2008</subfield>
    <subfield code="p">BPMSU22100010</subfield>
    <subfield code="r">2022-10-05</subfield>
    <subfield code="t">e.2</subfield>
    <subfield code="w">2022-10-05</subfield>
    <subfield code="y">BK</subfield>
  </datafield>
  <datafield tag="999" ind1=" " ind2=" ">
    <subfield code="c">14292</subfield>
    <subfield code="d">14292</subfield>
  </datafield>
</record>
